Score 0/100 Timer 10:00
0 Plays Today
Rank Surname % Correct
1.Smith
96.8%
2.Johnson
91.5%
4.Brown
83%
18.Jackson
80.9%
5.Jones
78.7%
20.White
78.2%
3.Williams
77.7%
37.Green
73.4%
7.Davis
62.2%
39.Adams
62.2%
14.Thomas
61.7%
12.Anderson
61.2%
10.Wilson
60.6%
45.Roberts
60.6%
17.Martin
59%
6.Miller
55.9%
22.Lee
55.9%
13.Taylor
55.3%
9.Rodriguez
54.8%
80.James
54.8%
46.Carter
50%
19.Thompson
49.5%
24.Harris
48.9%
63.Peterson
45.7%
21.Lopez
45.2%
11.Martinez
44.1%
8.Garcia
42.6%
26.Lewis
41.5%
35.King
39.9%
53.Edwards
39.9%
32.Allen
39.4%
74.Richardson
39.4%
38.Baker
38.8%
31.Young
37.2%
Rank Surname % Correct
51.Parker
37.2%
27.Robinson
34%
15.Hernandez
33.5%
41.Hill
33.5%
25.Clark
33%
28.Walker
33%
48.Evans
33%
64.Cooper
33%
16.Moore
32.4%
23.Gonzalez
31.9%
30.Hall
31.9%
44.Mitchell
31.9%
40.Nelson
31.4%
56.Morris
29.8%
79.Gray
29.8%
47.Phillips
29.3%
42.Ramirez
28.2%
54.Stewart
26.6%
33.Sanchez
25.5%
61.Rogers
25.5%
69.Kelly
25%
29.Perez
24.5%
75.Wood
24.5%
52.Collins
23.9%
36.Scott
23.4%
70.Howard
23.4%
34.Wright
22.3%
49.Turner
22.3%
68.Gomez
21.8%
67.Bell
21.3%
76.Watson
21.3%
62.Morgan
20.2%
58.Murphy
19.7%
60.Cook
19.7%
Rank Surname % Correct
86.Long
19.7%
65.Reed
18.6%
88.Sanders
18.6%
100.Fisher
17%
73.Diaz
16%
89.Ross
16%
87.Foster
15.4%
93.Russell
15.4%
98.Butler
14.9%
99.Barnes
14.9%
43.Campbell
14.4%
66.Bailey
14.4%
78.Bennett
14.4%
97.Perry
14.4%
94.Ortiz
12.8%
59.Rivera
12.2%
71.Ward
12.2%
83.Hughes
12.2%
84.Price
12.2%
85.Myers
11.7%
72.Cox
11.2%
92.Sullivan
10.6%
57.Nguyen
10.1%
77.Brooks
10.1%
82.Cruz
10.1%
91.Powell
9.6%
50.Torres
8.5%
55.Flores
8.5%
81.Reyes
8.5%
95.Jenkins
8%
96.Gutierrez
6.9%
90.Morales
4.8%
Remove Ads.
Support Sporcle.
Get the best of Sporcle when you Go Orange. This ad-free experience offers more features, more stats, and more fun while also helping to support Sporcle. Thank you for becoming a member.

You're not logged in!

Compare scores with friends on all Sporcle quizzes.
OR
Log In

Show Comments

Extras

Top Quizzes Today


Score Distribution

Your Account Isn't Verified!

In order to create a playlist on Sporcle, you need to verify the email address you used during registration. Go to your Sporcle Settings to finish the process.

Report this User

Report this user for behavior that violates our Community Guidelines.

Details: